Principios del diseño en color.

Сохранить в:
Библиографические подробности
Главный автор: Wong, Wucius (autor)
Формат:
Опубликовано: Barcelona, España: Gustavo Gili, 2006.
Редактирование:2ª edición ampliada.
Серии:GG Diseño.
Предметы:
Online-ссылка:Disponible Online
Метки: Добавить метку
Нет меток, Требуется 1-ая метка записи!

MARC

LEADER 00000nam a22000007a 4500
003 CL-VaPUC
005 20250410113821.0
008 250320t2006 ||||| |||| 00| 0 spa d
999 |c 447518  |d 447516 
020 |a 978-84-252-2161-3 
020 |z 8425221617 
020 |a 9788425226977  |q electronic bk. 
020 |a 842522697X  |q electronic bk. 
040 |c Pontificia Universidad Católica de Valparaíso 
082 |2 22  |a 741.6 WON 2006 
100 |9 491209  |a Wong, Wucius  |e autor 
245 |a Principios del diseño en color.  
250 |a 2ª edición ampliada. 
260 |a Barcelona, España:  |b Gustavo Gili,   |c 2006. 
300 |a 209 páginas :  |b ilustraciones. 
490 |a GG Diseño. 
500 |a c.1. Instituto Arcos 8-1-2025. e-book Instituto Arcos 8-1-2025. 
583 |c 20250320 
650 |a Color en el diseño  |9 897275 
650 |a Diseño gráfico  |x Color  |9 897276 
856 4 0 |u https://pucv.idm.oclc.org/login?url=https://search.ebscohost.com/login.aspx?direct=true&scope=site&db=nlebk&db=nlabk&AN=855376  |y Disponible Online   |3 EBSCOhost 
942 |2 ddc  |c BK 
952 |0 0  |1 0  |2 ddc  |4 0  |6 741_600000000000000_WON_2006  |7 0  |8 A  |9 601640  |a BIBINC  |b BIBINC  |d 2025-03-20  |e Instituto Arcos   |i 5666585  |o 741.6 WON 2006  |p 5666585  |r 2025-03-20  |t 1  |w 2025-03-20  |y BK  |k IFP 
952 |0 0  |1 0  |2 ddc  |4 0  |6 741_600000000000000_WON_2006  |7 5  |8 A  |9 602382  |a BIBINC  |b BIBINC  |c ONLINE  |d 2025-04-10  |e Instituto Arcos   |i 447518  |o 741.6 WON 2006  |p 447518  |r 2025-04-10  |w 2025-04-10  |y EBK  |k IFP